00473cam a22001217a 4500008004000000082001700040245009200057260005000149300000900199700003600208999001900244952008800263180718b1957 xxu||||| |||| 00| 0 eng d aN121x42 Un3c aThe report of the committee on the army cadet forcecby Her Majesty's Stationery Office aLondonbHer Majesty's Stationery Officec1957 a41p. aHer Majesty's Stationery Office c410704d410704 00104070aIIPAbIIPAd2009-01-21oN121x42 Un3cp10212r2018-07-21w2018-07-21yBK